[Event "Online Olym Div3 C"]
[Site "Chess.com INT"]
[Date "2020.08.09"]
[Round "8.1"]
[White "Razanadrakotoarisoa, Toavina"]
[Black "Chola, Musonda"]
[Result "0-1"]
[WhiteElo "2028"]
[BlackElo "2230"]
[PlyCount "100"]
[EventDate "2020.08.07"]
[EventType "team-tourn (rapid)"]
[EventRounds "9"]
[EventCountry "USA"]
[SourceTitle "CBM 198"]
[Source "ChessBase"]
[SourceDate "2020.10.31"]
[SourceVersion "1"]
[SourceVersionDate "2020.10.31"]
[SourceQuality "1"]
[WhiteTeam "Madagascar"]
[BlackTeam "Zambia"]
[WhiteTeamCountry "MAD"]
[BlackTeamCountry "ZAM"]

1. e4 e5 2. Nf3 Nc6 3. Bc4 Nf6 4. d3 Bc5 5. 0-0 d6 6. h3 h6 7. c3 Bb6 8. Be3 0-0 9. Bb3 Be6 10. Bxe6 fxe6 11. Bxb6 axb6 12. Re1 Nh5 13. Nbd2 Nf4 14. Nf1 Qf6 15. Kh2 Ne7 16. Ng3 Neg6 17. d4 Nxg2 18. dxe5 Qxf3 19. Qxf3 Rxf3 20. Kxg2 Raf8 21. Re2 Nxe5 22. Rd1 Ng6 23. Rc2 Nh4+ 24. Kg1 Ng6 25. Kg2 Ne5 26. Rd4 Nd3 27. Kg1 Nxf2 28. Kg2 Nd3 29. Re2 e5 30. Nf5 Rxh3 31. Kxh3 Nf4+ 32. Kg4 Nxe2 33. Rc4 Rf7 34. Ra4 Kh7 35. Kf3 g6 36. Kxe2 gxf5 37. exf5 Rxf5 38. Ra7 Kg6 39. Rxb7 Rf7 40. a4 h5 41. b4 h4 42. Rb8 h3 43. Rh8 Rh7 44. Rg8+ Kf5 45. Rg1 h2 46. Rh1 Kg4 47. Kf2 Kh3 48. a5 bxa5 49. bxa5 Rf7+ 50. Ke3 Kg2 0-1

[Event "Online Olym Div3 C"]
[Site "Chess.com INT"]
[Date "2020.08.08"]
[Round "4.3"]
[White "Chola, Musonda"]
[Black "Mizzi, Jack"]
[Result "0-1"]
[WhiteElo "2230"]
[BlackElo "1901"]
[PlyCount "40"]
[EventDate "2020.08.07"]
[EventType "team-tourn (rapid)"]
[EventRounds "9"]
[EventCountry "USA"]
[SourceTitle "CBM 198"]
[Source "ChessBase"]
[SourceDate "2020.10.31"]
[SourceVersion "1"]
[SourceVersionDate "2020.10.31"]
[SourceQuality "1"]
[WhiteTeam "Zambia"]
[BlackTeam "Malta"]
[WhiteTeamCountry "ZAM"]
[BlackTeamCountry "MLT"]

1. e4 c6 2. d4 d5 3. Nc3 dxe4 4. Nxe4 Nd7 5. Ng5 Ngf6 6. Bc4 e6 7. Bb3 h6 8. N5f3 Be7 9. Ne2 0-0 10. 0-0 c5 11. c3 b6 12. Nf4 Ba6 13. Re1 c4 14. Bc2 Nd5 15. Qe2 N7f6 16. Nxe6 fxe6 17. Qxe6+ Kh8 18. Nh4 g5 19. Ng6+ Kg7 20. Nxe7 Re8 0-1

[Event "Online Olym Div3 C"]
[Site "Chess.com INT"]
[Date "2020.08.07"]
[Round "3.3"]
[White "De Waele, Warre"]
[Black "Chola, Musonda"]
[Result "1-0"]
[WhiteElo "2238"]
[BlackElo "2230"]
[PlyCount "143"]
[EventDate "2020.08.07"]
[EventType "team-tourn (rapid)"]
[EventRounds "9"]
[EventCountry "USA"]
[SourceTitle "CBM 198"]
[Source "ChessBase"]
[SourceDate "2020.10.31"]
[SourceVersion "1"]
[SourceVersionDate "2020.10.31"]
[SourceQuality "1"]
[WhiteTeam "Belgium"]
[BlackTeam "Zambia"]
[WhiteTeamCountry "BEL"]
[BlackTeamCountry "ZAM"]

1. d4 Nf6 2. c4 g6 3. Nc3 Bg7 4. e4 d6 5. Nf3 0-0 6. Be2 e5 7. d5 a5 8. Bg5 Na6 9. Nd2 h6 10. Be3 b6 11. a3 Bd7 12. Rb1 Nc5 13. b4 axb4 14. axb4 Na4 15. Qc2 Nxc3 16. Qxc3 Ng4 17. Bxg4 Bxg4 18. 0-0 f5 19. f3 Bh5 20. c5 f4 21. Bf2 g5 22. h3 Be8 23. Rfc1 Bb5 24. Nc4 h5 25. cxd6 cxd6 26. Nxb6 Ra2 27. Qc7 Qf6 28. Nd7 Qg6 29. Nxf8 Bxf8 30. Qc8 Bd3 31. Ra1 Rb2 32. Ra8 Qf6 33. Qe6+ Qxe6 34. dxe6 Kg7 35. Rc7+ Kf6 36. Rxf8+ Kxe6 37. Rff7 d5 38. Rce7+ Kd6 39. Bc5+ Kc6 40. Rf6+ Kb5 41. Rxe5 Rb1+ 42. Kh2 g4 43. hxg4 hxg4 44. Rxf4 gxf3 45. gxf3 dxe4 46. fxe4 Kc4 47. Kg3 Re1 48. Re7 Re2 49. Kg4 Kb5 50. Kf5 Kc6 51. Ke5 Rh2 52. Kd4 Bb1 53. Rf6+ Kb5 54. Rb6+ Ka4 55. Ra7+ Kb3 56. e5 Rd2+ 57. Ke3 Rd3+ 58. Kf4 Rc3 59. e6 Bg6 60. Kg5 Be8 61. Kf6 Rf3+ 62. Ke7 Bh5 63. Kd8 Rd3+ 64. Rd6 Rg3 65. e7 Rg8+ 66. Kc7 Be8 67. Rd8 Kc4 68. Rxe8 Rxe8 69. Kd7 Rg8 70. e8Q Rxe8 71. Kxe8 Kb5 72. Kd7 1-0

[Event "African Schools-ch U17"]
[Site "Lusaka"]
[Date "2016.12.15"]
[Round "6.3"]
[White "Chola, Musonda"]
[Black "Elias, Thabo"]
[Result "1-0"]
[WhiteElo "1900"]
[BlackElo "1503"]
[PlyCount "68"]
[EventDate "2016.12.11"]
[EventType "swiss"]
[EventRounds "9"]
[EventCountry "ZAM"]
[SourceTitle "EXT 2024"]
[Source "ChessBase"]
[SourceDate "2023.10.10"]
[SourceVersion "1"]
[SourceVersionDate "2023.10.10"]
[SourceQuality "1"]

1. e4 c5 2. Nf3 Nc6 3. d4 cxd4 4. Nxd4 g6 5. Nxc6 bxc6 6. Qd4 Nf6 7. e5 Nd5 8. e6 f6 9. exd7+ Bxd7 10. Be2 e5 11. Qd1 Be6 12. 0-0 Bg7 13. c4 Ne7 14. Nc3 0-0 15. Qa4 Qc7 16. Ne4 Rfd8 17. Bd2 Rd4 18. Ba5 Qc8 19. Nc5 Nf5 20. Bc3 Rd6 21. Nxe6 Rxe6 22. c5 Re8 23. Ba6 Qc7 24. Ba5 Qd7 25. Rad1 Nd4 26. f4 Kh8 27. Bc3 Rad8 28. Qc4 Qd5 29. Qxd5 Rxd5 30. b4 Rdd8 31. Bc4 Nf3+ 32. gxf3 Rxd1 33. a4 Rxf1+ 34. Kxf1 exf4 1-0

[Event "African Schools-ch U17"]
[Site "Lusaka"]
[Date "2016.12.11"]
[Round "1.1"]
[White "Chola, Musonda"]
[Black "Wakunguma, Nyambe"]
[Result "1-0"]
[WhiteElo "1900"]
[BlackElo "1662"]
[PlyCount "73"]
[EventDate "2016.12.11"]
[EventType "swiss"]
[EventRounds "9"]
[EventCountry "ZAM"]
[SourceTitle "EXT 2024"]
[Source "ChessBase"]
[SourceDate "2023.10.10"]
[SourceVersion "1"]
[SourceVersionDate "2023.10.10"]
[SourceQuality "1"]

1. e4 c5 2. Nf3 d6 3. d4 cxd4 4. Nxd4 Nf6 5. Nc3 g6 6. Be3 Bg7 7. f3 Nc6 8. Qd2 Bd7 9. Bc4 Rc8 10. Bb3 0-0 11. 0-0-0 Re8 12. g4 Na5 13. h4 Nxb3+ 14. Nxb3 a6 15. h5 b5 16. hxg6 fxg6 17. e5 dxe5 18. g5 Bf5 19. Qxd8 Rexd8 20. gxf6 Rxd1+ 21. Rxd1 Bxf6 22. Nc5 Bg5 23. Bxg5 Rxc5 24. Bxe7 Rc4 25. Re1 Rf4 26. Re3 h6 27. Bf6 b4 28. Nd5 Rc4 29. Ne7+ Kf7 30. Nxf5 Kxf6 31. Nxh6 Rc5 32. Re4 a5 33. Ng4+ Ke6 34. f4 Kf5 35. Rxe5+ Rxe5 36. fxe5 Kxg4 37. e6 1-0

[Event "Africa-ch U14"]
[Site "Monastir"]
[Date "2014.12.23"]
[Round "5.2"]
[White "Chola, Musonda"]
[Black "Ziani, Racym"]
[Result "1-0"]
[WhiteElo "1706"]
[BlackElo "1706"]
[PlyCount "82"]
[EventDate "2014.12.21"]
[EventType "swiss"]
[EventRounds "9"]
[EventCountry "TUN"]
[SourceTitle "EXT 2024"]
[Source "ChessBase"]
[SourceDate "2023.10.10"]
[SourceVersion "1"]
[SourceVersionDate "2023.10.10"]
[SourceQuality "1"]

1. e4 c5 2. Nf3 d6 3. d4 cxd4 4. Nxd4 g6 5. Nc3 Bg7 6. Be3 Nc6 7. Qd2 Nf6 8. f3 h5 9. 0-0-0 Bd7 10. Bc4 a6 11. Kb1 b5 12. Bd5 Rc8 13. Rhe1 Qc7 14. Nxc6 Bxc6 15. Bg5 Qb7 16. Bxc6+ Qxc6 17. Nd5 Qc5 18. Bxf6 Bxf6 19. Nxf6+ exf6 20. Re2 Rc6 21. f4 0-0 22. f5 Kg7 23. g4 g5 24. h4 Qe5 25. hxg5 hxg4 26. Rg1 g3 27. Qe3 Rh8 28. Reg2 Rh3 29. Rxg3 Rxg3 30. Rxg3 Qc5 31. gxf6+ Kxf6 32. e5+ Ke7 33. Qg5+ Ke8 34. Qg8+ Ke7 35. f6+ Ke6 36. Rc3 Qd5 37. Qg4+ Kxe5 38. Qg5+ Ke6 39. Re3+ Qe5 40. Rxe5+ dxe5 41. a3 Rd6 1-0

[Event "Africa-ch U14"]
[Site "Monastir"]
[Date "2014.12.21"]
[Round "1.6"]
[White "Chola, Musonda"]
[Black "Aravind, Vengarai"]
[Result "1-0"]
[WhiteElo "1706"]
[BlackElo "1412"]
[PlyCount "66"]
[EventDate "2014.12.21"]
[EventType "swiss"]
[EventRounds "9"]
[EventCountry "TUN"]
[SourceTitle "EXT 2024"]
[Source "ChessBase"]
[SourceDate "2023.10.10"]
[SourceVersion "1"]
[SourceVersionDate "2023.10.10"]
[SourceQuality "1"]

1. e4 e5 2. Nf3 Nc6 3. Bc4 Bc5 4. 0-0 d6 5. h3 Nf6 6. Re1 0-0 7. c3 h6 8. d4 exd4 9. cxd4 Bb4 10. Bd2 Bxd2 11. Qxd2 Re8 12. Nc3 Bd7 13. Rad1 Qe7 14. e5 dxe5 15. dxe5 Rad8 16. exf6 Qxf6 17. Ne4 Qg6 18. Qf4 Re7 19. Nh4 Qh5 20. Ng3 Rxe1+ 21. Rxe1 g5 22. Qf3 Qxf3 23. Nxf3 Kf8 24. Ne5 Nxe5 25. Rxe5 Be8 26. Nf5 h5 27. Ng3 f6 28. Re6 Rd6 29. Rxd6 cxd6 30. Ne4 Ke7 31. Bd5 b6 32. f3 Bb5 33. Kf2 h4 1-0